| 000 | 00426nam a2200181Ia 4500 | ||
|---|---|---|---|
| 008 | 240510s9999 xx 000 0 und d | ||
| 020 | _a0000412042312 | ||
| 041 | _aEng | ||
| 082 | _a519.544 | ||
| 082 | _bE26 | ||
| 100 | _aEFRON BRADLEY , TIBSHIRANI R.J. | ||
| 245 | 3 | _aAN INTRODUCTION TO THE BOOTSTRAP | |
| 260 | _bNEW YOURK : CHAPMAN & HALL | ||
| 260 | _c1993 | ||
| 300 | _a436 p. | ||
| 942 | _2ddc | ||
| 942 | _cRBK | ||
| 999 |
_c25308 _d25308 |
||
| 945 |
_a1 _bMadushi Gamage _c1 _dMadushi Gamage |
||